| 000 | 00627nam a2200229Ia 4500 | ||
|---|---|---|---|
| 003 | OSt | ||
| 005 | 20230427163610.0 | ||
| 008 | 210423s2010 xx 000 0 und d | ||
| 020 | _a9788181477941 | ||
| 040 | _cAL | ||
| 041 | _aeng | ||
| 082 |
_a530 LANL _223 |
||
| 100 |
_aLANDAU (L D);LIFSHITZ (E M). _994414 |
||
| 245 | _aCourse of theoretical physics: V 9-statistical physics. | ||
| 260 |
_aOxford _bButterworth Heinemann _c2010 |
||
| 300 |
_ax,387 _bPB |
||
| 365 |
_b1095 _cINR |
||
| 440 | _v9 | ||
| 650 |
_aPhysics _994415 |
||
| 906 | _aCourse ; physics. ; physics:V9-statistical ; theoretical | ||
| 942 |
_2ddc _cBK |
||
| 999 |
_c161862 _d161862 |
||